000
00285nam a22001097a 4500
008
170116b xxu||||| |||| 00| 0 eng d
020
_a
0801647924
041
_a
eng
080
_2
3RD
_a
618.2
245
_a
PRINCIPLES AND PRACTICE OF PSYCHIATRIC NURSING
_c
STUART & SUNDEEN
942
_2
udc
_c
BK
999
_c
2937
_d
2937